<?xml version="1.0" encoding="UTF-8"?>
<record
    xmlns:xsi="http://www.w3.org/2001/XMLSchema-instance"
    xsi:schemaLocation="http://www.loc.gov/MARC21/slim http://www.loc.gov/standards/marcxml/schema/MARC21slim.xsd"
    xmlns="http://www.loc.gov/MARC21/slim">

  <leader>00319nam a22001097a 4500</leader>
  <datafield tag="040" ind1=" " ind2=" ">
    <subfield code="c">RUA</subfield>
  </datafield>
  <datafield tag="082" ind1=" " ind2=" ">
    <subfield code="a">MST DEC 2017 C011 Or.</subfield>
  </datafield>
  <datafield tag="245" ind1=" " ind2=" ">
    <subfield code="a">Mid-term and Strategic Review of the National Strategy for food Security and Nutrition 2014-2018.</subfield>
  </datafield>
  <datafield tag="260" ind1=" " ind2=" ">
    <subfield code="a">phnom penh</subfield>
    <subfield code="b">rua</subfield>
    <subfield code="c">2017</subfield>
  </datafield>
  <datafield tag="300" ind1=" " ind2=" ">
    <subfield code="a">53p.</subfield>
    <subfield code="b">ill.</subfield>
    <subfield code="c">29cm.</subfield>
  </datafield>
  <datafield tag="942" ind1=" " ind2=" ">
    <subfield code="c">REC</subfield>
  </datafield>
  <datafield tag="999" ind1=" " ind2=" ">
    <subfield code="c">22128</subfield>
    <subfield code="d">22128</subfield>
  </datafield>
  <datafield tag="952" ind1=" " ind2=" ">
    <subfield code="0">0</subfield>
    <subfield code="1">0</subfield>
    <subfield code="4">0</subfield>
    <subfield code="6">MST_DEC_2017_000000000000000_C011_OR</subfield>
    <subfield code="7">0</subfield>
    <subfield code="9">96375</subfield>
    <subfield code="a">LBC</subfield>
    <subfield code="b">LBC</subfield>
    <subfield code="c">C011</subfield>
    <subfield code="d">2023-11-07</subfield>
    <subfield code="o">MST DEC 2017 C011 Or.</subfield>
    <subfield code="r">2023-11-07</subfield>
    <subfield code="w">2023-11-07</subfield>
    <subfield code="y">REC</subfield>
  </datafield>
  <datafield tag="952" ind1=" " ind2=" ">
    <subfield code="0">0</subfield>
    <subfield code="1">0</subfield>
    <subfield code="4">0</subfield>
    <subfield code="6">MST_DEC_2017_000000000000000_C011_OR</subfield>
    <subfield code="7">0</subfield>
    <subfield code="9">96376</subfield>
    <subfield code="a">LBC</subfield>
    <subfield code="b">LBC</subfield>
    <subfield code="c">C011</subfield>
    <subfield code="d">2023-11-07</subfield>
    <subfield code="o">MST DEC 2017 C011 Or.</subfield>
    <subfield code="r">2023-11-07</subfield>
    <subfield code="w">2023-11-07</subfield>
    <subfield code="y">REC</subfield>
  </datafield>
  <datafield tag="952" ind1=" " ind2=" ">
    <subfield code="0">0</subfield>
    <subfield code="1">0</subfield>
    <subfield code="4">0</subfield>
    <subfield code="6">MST_DEC_2017_000000000000000_C011_OR</subfield>
    <subfield code="7">0</subfield>
    <subfield code="9">96377</subfield>
    <subfield code="a">LBC</subfield>
    <subfield code="b">LBC</subfield>
    <subfield code="c">C011</subfield>
    <subfield code="d">2023-11-07</subfield>
    <subfield code="o">MST DEC 2017 C011 Or.</subfield>
    <subfield code="r">2023-11-07</subfield>
    <subfield code="w">2023-11-07</subfield>
    <subfield code="y">REC</subfield>
  </datafield>
  <datafield tag="952" ind1=" " ind2=" ">
    <subfield code="0">0</subfield>
    <subfield code="1">0</subfield>
    <subfield code="4">0</subfield>
    <subfield code="6">MST_DEC_2017_000000000000000_C011_OR</subfield>
    <subfield code="7">0</subfield>
    <subfield code="9">96378</subfield>
    <subfield code="a">LBC</subfield>
    <subfield code="b">LBC</subfield>
    <subfield code="c">C011</subfield>
    <subfield code="d">2023-11-07</subfield>
    <subfield code="o">MST DEC 2017 C011 Or.</subfield>
    <subfield code="r">2023-11-07</subfield>
    <subfield code="w">2023-11-07</subfield>
    <subfield code="y">REC</subfield>
  </datafield>
  <datafield tag="952" ind1=" " ind2=" ">
    <subfield code="0">0</subfield>
    <subfield code="1">0</subfield>
    <subfield code="4">0</subfield>
    <subfield code="6">MST_DEC_2017_000000000000000_C011_OR</subfield>
    <subfield code="7">0</subfield>
    <subfield code="9">96379</subfield>
    <subfield code="a">LBC</subfield>
    <subfield code="b">LBC</subfield>
    <subfield code="c">C011</subfield>
    <subfield code="d">2023-11-07</subfield>
    <subfield code="o">MST DEC 2017 C011 Or.</subfield>
    <subfield code="r">2023-11-07</subfield>
    <subfield code="w">2023-11-07</subfield>
    <subfield code="y">REC</subfield>
  </datafield>
  <datafield tag="952" ind1=" " ind2=" ">
    <subfield code="0">0</subfield>
    <subfield code="1">0</subfield>
    <subfield code="4">0</subfield>
    <subfield code="6">MST_DEC_2017_000000000000000_C011_OR</subfield>
    <subfield code="7">0</subfield>
    <subfield code="9">96380</subfield>
    <subfield code="a">LBC</subfield>
    <subfield code="b">LBC</subfield>
    <subfield code="c">C011</subfield>
    <subfield code="d">2023-11-07</subfield>
    <subfield code="o">MST DEC 2017 C011 Or.</subfield>
    <subfield code="r">2023-11-07</subfield>
    <subfield code="w">2023-11-07</subfield>
    <subfield code="y">REC</subfield>
  </datafield>
  <datafield tag="952" ind1=" " ind2=" ">
    <subfield code="0">0</subfield>
    <subfield code="1">0</subfield>
    <subfield code="4">0</subfield>
    <subfield code="6">MST_DEC_2017_000000000000000_C011_OR</subfield>
    <subfield code="7">0</subfield>
    <subfield code="9">96381</subfield>
    <subfield code="a">LBC</subfield>
    <subfield code="b">LBC</subfield>
    <subfield code="c">C011</subfield>
    <subfield code="d">2023-11-07</subfield>
    <subfield code="o">MST DEC 2017 C011 Or.</subfield>
    <subfield code="r">2023-11-07</subfield>
    <subfield code="w">2023-11-07</subfield>
    <subfield code="y">REC</subfield>
  </datafield>
  <datafield tag="952" ind1=" " ind2=" ">
    <subfield code="0">0</subfield>
    <subfield code="1">0</subfield>
    <subfield code="4">0</subfield>
    <subfield code="6">MST_DEC_2017_000000000000000_C011_OR</subfield>
    <subfield code="7">0</subfield>
    <subfield code="9">96382</subfield>
    <subfield code="a">LBC</subfield>
    <subfield code="b">LBC</subfield>
    <subfield code="c">C011</subfield>
    <subfield code="d">2023-11-07</subfield>
    <subfield code="o">MST DEC 2017 C011 Or.</subfield>
    <subfield code="r">2023-11-07</subfield>
    <subfield code="w">2023-11-07</subfield>
    <subfield code="y">REC</subfield>
  </datafield>
</record>
